Testing and evaluation of agricultural machinery (Record no. 13038)
[ view plain ]
| 000 -LEADER | |
|---|---|
| fixed length control field | 00400cam a2200157ua 4500 |
| 082 ## - DEWEY DECIMAL CLASSIFICATION NUMBER | |
| Classification number | 631.3 |
| Item number | MEH/TE |
| 100 ## - MAIN ENTRY--AUTHOR NAME | |
| Personal name | Mehta, M L . |
| 245 00 - TITLE STATEMENT | |
| Title | Testing and evaluation of agricultural machinery |
| 300 ## - PHYSICAL DESCRIPTION | |
| Number of Pages | ; |
| Accompanying material | `. |
| 700 1# - ADDED ENTRY--PERSONAL NAME | |
| Personal name | Metha, M L . |
| 700 1# - ADDED ENTRY--PERSONAL NAME | |
| Personal name | Verma, . |
| 700 1# - ADDED ENTRY--PERSONAL NAME | |
| Personal name | Verma, S R . |
| 700 1# - ADDED ENTRY--PERSONAL NAME | |
| Personal name | Verma, S R . |
| 700 1# - ADDED ENTRY--PERSONAL NAME | |
| Personal name | Verma, S.R . |
| 942 ## - ADDED ENTRY ELEMENTS (KOHA) | |
| Koha item type | Books |
| Withdrawn status | Lost status | Damaged status | Home library | Current library | Shelving location | Date acquired | Full call number | Accession Number | Koha item type |
|---|---|---|---|---|---|---|---|---|---|
| KAUAET | KAUAET | Binding Shelf | 07/04/2012 | 631.3 | 19529 | Books | |||
| KAUAET | KAUAET | 07/04/2012 | 631.3 | 21604 | Books |
